|
|
|
|
| LEADER |
00000cas a2200000 a 4500 |
| 001 |
47245-32 |
| 003 |
Ucuenca |
| 005 |
20240104062553.0 |
| 008 |
002022|2001 ec |||||r|||||||||||spa|| |
| 040 |
|
|
|b spa
|
| 041 |
0 |
|
|a spa
|
| 082 |
0 |
|
|a 050
|b I59b
|
| 110 |
1 |
|
|9 175925
|a Instituto Científico de Culturas Indígenas
|
| 245 |
|
0 |
|a Boletín ICCI-RIMAI
|c Instituto Científico de Culturas Indígenas
|h imp
|
| 264 |
|
|
|a Quito
|b ICCI
|c Noviembre del 2001
|
| 300 |
|
|
|a 23 páginas:
|c 21 cm
|
| 362 |
|
|
|a Año III, no. 32 (noviembre del 2001)
|
| 650 |
|
7 |
|a Movimientos indígenas
|9 3582
|
| 650 |
|
0 |
|a Etnicidad
|9 24273
|
| 650 |
|
0 |
|a Capital social
|9 41180
|
| 650 |
|
|
|a Boletin icci-Rimai
|9 175924
|
| 852 |
|
|
|a UC-CDJBV
|
| 942 |
|
|
|c SER
|z vanessa.morales@ucuenca.edu.ec
|
| 999 |
|
|
|c 150318
|d 150318
|